Movies Quiz

Random Movies Quiz
Score 0/26 Timer 13:00
0 Plays Today
% Correct
Die Hard
94.9%
Speed
94.9%
The Karate Kid
89.7%
Crash
89.7%
Jerry Maguire
89.7%
Kill Bill
87.2%
Pulp Fiction
87.2%
Liar Liar
84.6%
Training Day
84.6%
The Fast and the Furious
82.1%
Little Shop of Horrors
79.5%
White Men Can't Jump
71.8%
Horrible Bosses
71.8%
% Correct
Changeling
69.2%
Rush Hour
66.7%
Heat
64.1%
Falling Down
53.8%
Swordfish
43.6%
Cellular
41%
The Soloist
38.5%
The 40 Year Old Virgin
17.9%
S.W.A.T.
17.9%
Fracture
15.4%
Higher Learning
12.8%
Baby Boy
5.1%
The Lincoln Lawyer
2.6%
Remove Ads.
Support Sporcle.
Get the best of Sporcle when you Go Orange. This ad-free experience offers more features, more stats, and more fun while also helping to support Sporcle. Thank you for becoming a member.

You're not logged in!

Compare scores with friends on all Sporcle quizzes.
OR
Log In

Show Comments

Extras

Created Aug 17, 2012ReportNominate

Top Quizzes Today


Score Distribution

Your Account Isn't Verified!

In order to create a playlist on Sporcle, you need to verify the email address you used during registration. Go to your Sporcle Settings to finish the process.

Report this User

Report this user for behavior that violates our Community Guidelines.

Details: